000 00825cab a2200217 4500
001 WB3423-39
008 090401t1998 xxu||||| |||| 00| 0 eng d
035 _a(Sirsi) u86911
041 _aeng
245 _aLiving with minerals
260 _c1998
350 _a0
490 _aDaily Telegraph
_v19 June 1998, 36-37(2) LOAN
520 _aThe quarry industry is launching Minerals `98 to promote the minerals industry in the UK. Discusses the possibility of an environmental tax on aggregates, restoration of former mineral sites and the role of the British Geological Survey within the industry. Map shows major workings of minerals in the UK.
650 _aBRITISH GEOLOGICAL SURVEY
650 _aLAND RECLAMATION
650 _aMINERALS `98
690 _aMINING AND MINERALS
942 _n0
948 _c19/06/1998
999 _c54731
_d54731